000 00314nam a2200133Ia 4500
005 20251222144835.0
008 251222s9999||||xx |||||||||||||| ||spa||
020 _a950-641-309-6
082 _a330.91/C517
100 _aChancellor, Edward
245 0 _aSálvense Quien Pueda:
264 _bGranica
942 _cLIB
999 _c21015
_d21015